000 00486nam a2200169Ia 4500
005 20250423095858.0
008 250422s9999 xx 000 0 und d
020 _a9781597841559
050 _aBT 28 .I85/
245 0 _aIslam in the contemporary world -2 : the Fethullah Gülen movement in the thougt and practice : conference proceedings.
260 _aNew Jersey
260 _bTughra Books
260 _c2009
300 _a153 p
650 _aİslam- contemporary
942 _cBK
999 _c31606
_d31606